Estado de la planificación urbana en Chile

Сохранить в:
Библиографические подробности
Соавтор: Ministerio de Vivienda y Urbanismo (Автор)
Формат:
Язык:испанский
Опубликовано: Santiago MINVU 2009
Предметы:
Метки: Добавить метку
Нет меток, Требуется 1-ая метка записи!

MARC

LEADER 00000nam a2200000 a 4500
001 UCG1450
003 CL-VaPUC
008 100506e20090000CL |||||||||||||||||spa|d
082 0 4 |a 711.4  |b MIN  |2 21 
110 2 |a Ministerio de Vivienda y Urbanismo  |e author  |9 549392 
245 1 0 |a Estado de la planificación urbana en Chile 
300 |a 545 p 
942 |c BK 
945 |d 20100506 00:00:00  |a rbrito 
260 |a Santiago  |b MINVU  |c 2009 
650 0 |a Planificación urbana   |9 258176 
650 7 |a DESARROLLO URBANO  |2 CL-VaPUC  |9 549393 
650 0 |a Urbanización   |9 265706 
650 0 |a Renovación urbana   |9 256385 
583 |a last modification  |c 20100506 00:00:00  |k Rodrigo Vera 
999 |c 340816  |d 340814 
952 |0 0  |1 0  |4 0  |6 711_400000000000000_MIN_2009  |7 0  |8 A  |9 435853  |a BIBARQ  |b BIBARQ  |d 2019-11-22  |i 4667344  |o 711.4 MIN 2009  |p 4667344  |r 2025-01-20  |w 2019-11-22  |y BK  |k ARQ 
952 |0 0  |1 0  |4 0  |6 711_400000000000000_MIN_2009  |7 0  |8 A  |9 435854  |a BIBARQ  |b BIBARQ  |d 2019-11-22  |i 4667352  |l 1  |o 711.4 MIN 2009  |p 4667352  |r 2025-01-20  |s 2024-03-25  |w 2019-11-22  |y BK  |k ARQ 
952 |0 0  |1 0  |4 0  |6 711_400000000000000_MIN_2009  |7 0  |8 A  |9 435855  |a BIBARQ  |b BIBARQ  |d 2019-11-22  |i 4667360  |o 711.4 MIN 2009  |p 4667360  |r 2025-01-20  |w 2019-11-22  |y BK  |k ARQ